00461nam a22001577a 450000500170000001000150001702000110003203500140004303700130005708200080007010000250007824500460010326000370014927000970018630000200028320220701154910.0 aENG-133416 c175.00 aEN-116748 bDBAD/PUB a888 aRoutray, Devendra N. aScratch the Surface/cDevendra N. Routray aOdishabS & S Publicationsc2014 aMinati Lenka 110/1499 (P) Acharya Vihar bBhubanesware751013mminati5@gmail.coml9437279920 a139p.c21cm(hb)